Commercial experience with controlled upward tapping: Comparison of continuous with yearly panel-changing systems (Record no. 55876)

MARC details
000 -LEADER
fixed length control field 00418nam a2200109Ia 4500
100 ## - MAIN ENTRY--AUTHOR NAME
Personal name Beng G C
245 #0 - TITLE STATEMENT
Title Commercial experience with controlled upward tapping: Comparison of continuous with yearly panel-changing systems
260 ## - PUBLICATION, DISTRIBUTION, ETC. (IMPRINT)
Name of publisher Proceedings of the RRIM Rubber Growers Conference, Ipoh, Perak 1986; p144-171
650 ## - SUBJECT ADDED ENTRY--TOPICAL TERM
Topical Term Controlled upward tapping
942 ## - ADDED ENTRY ELEMENTS (KOHA)
Koha item type Journals
Holdings
Withdrawn status Lost status Damaged status Not for loan Home library Current library Shelving location Date acquired Koha item type
      Journals RRII Library RRII Library Physiology 17/12/2021 Journals